Sports Quiz

Random Sports or NFL Quiz

Coaching Relatives Quiz Stats

 Plays Quiz Updated May 2, 2019

Score 0/20 Timer 04:00
0 Plays Today
% Correct
Harbaugh
92.7%
Ryan
89.4%
Gruden
86.9%
Shula
86.8%
Van Gundy
82.8%
Pitino
81.3%
Phillips
80.5%
Knight
77%
Turner
75.4%
Kiffin
74.4%
% Correct
Stoops
69.5%
Boone
68.2%
Mora
65.5%
Schottenheimer
62.2%
Bowden
61.8%
Thompson
60.4%
Hurley
49.6%
Miller
48.6%
Drew
38.3%
Sutton
35.7%

You're not logged in!

Compare scores with friends on all Sporcle quizzes.
OR
Log In

Sporcle TV

Today on Sporcle TV


Watch our educational content, quiz creation guides, and fun videos on Sporcle TV.

Show Comments

Extras

Top Quizzes Today


Score Distribution

Your Account Isn't Verified!

In order to create a playlist on Sporcle, you need to verify the email address you used during registration. Go to your Sporcle Settings to finish the process.

Report this User

Report this user for behavior that violates our Community Guidelines.

Details: